000 01226nam a22002297a 4500
999 _c22925
_d22925
003 AR-CdUCM
008 240529b20102010 pe||||| |||| 00| 0 spa d
020 _a978-612-302-496-3
040 _aMUNICIPALIDAD PROVINCIAL DEL CUSCO
_cBIBLIOTECA MUNICIPAL DEL CUSCO
082 _a376.5658 / G84G
_bG84G
100 _aGuanilo Paredes, Carlos Enrique.
_950013
245 _aGestión de calidad de los servicios administrativos universitarios :
_bDesplegando metodologías para evaluar /
260 _aLima :
_bsan Marcos,
_c2010
300 _a152 páginas. :
_c24 cm.
505 _aEvolución de la administración de la calidad -- Filosofía de la calidad -- Pensamiento de la gestión de calidad total -- Sistema de evaluación de calidad de las universidades -- Planeando el sistema de calidad -- Componentes del sistema de calidad -- El problema de la gestión de calidad de los servicios universitarios -- Normas ISO 9000
650 _aEvolución de la administración de la calidad
_950014
650 _aLa universidad como ente complejo
_950015
650 _aFilosofía de la calidad
_950016
650 _aSistema de evaluación de calidad de las universidades
_950017
942 _2ddc
_cLIBROS
945 _apbj
_d2024-05-29